[Event "Benidorm Nuevas Generaciones U16 8th"]
[Site "Benidorm"]
[Date "2012.12.06"]
[Round "2"]
[White "Perez Pardo, Adrian Jason"]
[Black "Domingo Nunez, Ruben"]
[Result "0-1"]
[WhiteElo "1785"]
[BlackElo "1904"]
[PlyCount "68"]
[EventDate "2012.12.05"]
[EventType "swiss"]
[EventRounds "7"]
[EventCountry "ESP"]
[SourceTitle "EXT 2022"]
[Source "ChessBase"]
[SourceDate "2021.10.06"]
[SourceVersion "1"]
[SourceVersionDate "2021.10.06"]
[SourceQuality "1"]

1. e4 e6 2. d4 d5 3. Nc3 Bb4 4. e5 c5 5. Bd2 Ne7 6. Nce2 Bxd2+ 7. Qxd2 Nbc6 8. f4 Qb6 9. c3 Nf5 10. Nf3 h5 11. g3 cxd4 12. Nexd4 Nfxd4 13. Nxd4 Nxd4 14. cxd4 Bd7 15. Rc1 Ke7 16. Be2 Rac8 17. Kf2 g6 18. h4 a5 19. Ke3 Bb5 20. Bxb5 Qxb5 21. b3 Kd7 22. Rhd1 a4 23. Qd3 Qxd3+ 24. Kxd3 Rxc1 25. Rxc1 axb3 26. axb3 Ra8 27. Kd2 Ra2+ 28. Rc2 Ra1 29. Rc1 Rxc1 30. Kxc1 Kc6 31. Kc2 Kb5 32. Kc3 Ka5 33. Kb2 Kb4 34. Kc2 Ka3 0-1

[Event "Valencia-ch U18"]
[Site "Valencia"]
[Date "2012.04.13"]
[Round "6"]
[White "Remolar Gallen, Jose"]
[Black "Perez Pardo, Adrian Jason"]
[Result "1-0"]
[WhiteElo "2110"]
[BlackElo "1747"]
[PlyCount "87"]
[EventDate "2012.04.11"]
[EventType "swiss"]
[EventRounds "6"]
[EventCountry "ESP"]
[SourceTitle "CBM 147 Extra"]
[Source "ChessBase"]
[SourceDate "2012.04.24"]
[SourceVersion "1"]
[SourceVersionDate "2012.04.24"]
[SourceQuality "1"]

1. e4 e5 2. f4 exf4 3. Nf3 Nf6 4. Nc3 d6 5. d4 Nc6 6. Bxf4 Bg4 7. Be2 Qe7 8. d5 Bxf3 9. gxf3 Ne5 10. Qd4 a6 11. 0-0-0 Nfd7 12. Be3 Nc5 13. f4 Ng6 14. b4 Nd7 15. Qc4 Rc8 16. b5 axb5 17. Nxb5 Qd8 18. h4 h5 19. Rd3 Be7 20. Ra3 Nb6 21. Qb3 c5 22. dxc6 Rxc6 23. Na7 d5 24. Nxc6 Bxa3+ 25. Qxa3 bxc6 26. Qc5 Nd7 27. Qxc6 Ne7 28. Qb5 Qa8 29. a4 Rh6 30. Rd1 Re6 31. Bf3 Qc8 32. e5 Qc3 33. Qb3 Qa5 34. Bxd5 Nxd5 35. Rxd5 Qe1+ 36. Kb2 Qxh4 37. Qb5 Qd8 38. a5 Qc8 39. c4 Rc6 40. Kb3 h4 41. Rd1 Ke7 42. Rh1 Rc7 43. Qb4+ Ke8 44. Rxh4 1-0

[Event "ESP-chT U16"]
[Site "Benidorm"]
[Date "2010.12.04"]
[Round "1"]
[White "Perez Pardo, Adrian Jason"]
[Black "Montoliu Cervero, Francisco"]
[Result "0-1"]
[WhiteElo "1637"]
[BlackElo "2100"]
[PlyCount "82"]
[EventDate "2010.12.04"]
[EventType "team"]
[EventRounds "6"]
[EventCountry "ESP"]
[SourceTitle "EXT 2014"]
[Source "ChessBase"]
[SourceDate "2013.11.20"]
[SourceVersion "1"]
[SourceVersionDate "2013.11.20"]
[SourceQuality "1"]

1. e4 c5 2. Nf3 d6 3. d4 cxd4 4. Nxd4 Nf6 5. Nc3 g6 6. Be3 Bg7 7. f3 Nc6 8. Bc4 0-0 9. Qd2 Bd7 10. h4 Rc8 11. Bb3 Qa5 12. 0-0-0 Ne5 13. Nd5 Qxd2+ 14. Rxd2 Rfe8 15. Nxf6+ Bxf6 16. h5 b5 17. hxg6 hxg6 18. Kb1 a5 19. a3 Nc4 20. Bxc4 Rxc4 21. g4 Rec8 22. g5 Bg7 23. Nb3 Ra8 24. Bd4 Bxd4 25. Nxd4 Kg7 26. Rdh2 Rg8 27. Rh7+ Kf8 28. Nb3 a4 29. Nd2 Rc5 30. f4 e5 31. fxe5 Rxe5 32. Rf1 Be6 33. Rg1 Ke7 34. b3 Rc8 35. b4 d5 36. exd5 Bf5 37. d6+ Kxd6 38. Rxf7 Re2 39. Rf6+ Ke7 40. Nf3 Rcxc2 41. Nd4 Rb2+ 0-1